| 000 | 00771nam a2200241 a 4500 | ||
|---|---|---|---|
| 001 | BRCA_6488 | ||
| 005 | 20190320205457.0 | ||
| 008 | 250911s1954----nyua######---#000-0#eng-# | ||
| 041 | _aeng | ||
| 044 | _anyu | ||
| 050 | 4 |
_aN620.H5 _b.H57 2 1954 |
|
| 245 | 1 | 0 |
_aA history of the Hispanic Society of America _bmuseum and library 1904-1954, with a survey of the collections. |
| 260 |
_aNueva York _bOrder of the Trustees _c1954 |
||
| 300 |
_ax, 569 p. _bil. _c26 cm. |
||
| 500 | _aIncluye índice alfabético | ||
| 500 | _aEjemplar igual a M87 y S12 | ||
| 500 | _aN25 | ||
| 610 | 2 | 4 |
_aHispanic Society of America _916213 |
| 650 | 1 | 4 |
_aArte español _xSociedades, etc. _916214 |
| 650 | 1 | 4 |
_aArte español _vColecciones _xHistoria _916215 |
| 902 | _aGFM | ||
| 942 |
_2lcc _cB |
||
| 999 |
_c6172 _d6172 |
||